An interface to increase the computational speed of the MC6809 for digital filtering applications /
Saved in:
| 主要作者: | |
|---|---|
| 格式: | Thesis 图书 |
| 语言: | English |
| 出版: |
1999
|
| 主题: | |
| 标签: |
添加标签
没有标签, 成为第一个标记此记录!
|
| LEADER | 00791cam a2200217 i 4500 | ||
|---|---|---|---|
| 001 | u687187 | ||
| 003 | SIRSI | ||
| 008 | 910820s1999 mal m 00 1 eng | ||
| 035 | |a ACP-2993 | ||
| 040 | |a UMJ |e rda | ||
| 097 | |a TK7 |b UM 1999 Kha | ||
| 100 | 0 | 0 | |a Khafri Alymann, |e author. |
| 245 | 1 | 3 | |a An interface to increase the computational speed of the MC6809 for digital filtering applications / |c Khafri Alymann. |
| 260 | 1 | |c 1999 | |
| 300 | |a xiv, 160 leaves : |b ill. ; |c 28 cm. | ||
| 502 | |a Dissertation (M.Eng.Sc.) -- Fakulti Kejuruteraan, Universiti Malaya, 1999. | ||
| 650 | 0 | |a Motorola 6809 (Microprocessor) | |
| 650 | 0 | |a Digital filters. | |
| 948 | |a 18/05/2001 |b 11/10/2001 | ||
| 596 | |a 7 | ||
| 999 | |a TK7 UM 1999 KHA |w LC |c 1 |i A511881440 |d 7/8/2008 |f 7/8/2008 |g 1 |l STACKS |m P07JURUTER |r Y |s Y |t TESIS |u 31/7/2008 | ||
